000 00292nam a2200121Ia 4500
005 20260328104250.0
008 260328s9999||||xx |||||||||||||| ||und||
100 _aRouth, Alfred
245 4 _aThe New Architecture /
_cAlfred Routh
260 _bGirsberger
650 _aHISTORIA
942 _cBK
999 _c10218
_d10218